00866nam a2200217 a 450000100100000000500170001000800410002704000250006808200280009311000330012124000260015424500600018026000750024030000200031559000270033565100630036265100570042591000230048295201260050599900170063100003327920200930070140.0110823s1887 dr 000 0 spa d aDO-SdBNPbspacBNPHU a342.729302bR426c, 18871 aRepública Dominicana.944710aConstitución (1887)10aConstitución política de la República Dominicana. aSanto Domingo :bImprenta "Cuna de América" José R. Roques,c1887. a37 p. ;c23 cm. aInventariado, 2019/MFF 4aRepública DominicanaxConstitución (1887{Rpara}958890 4aRepública DominicanaxDerecho Constitucional99303 aValidado, 2019/MFF 001050718RVaPDbPDcHDd2019-01-16iLF1l0o342.729302 R426c, 1887p33279-20r2020-06-25w2020-06-25y1ZNo se presta c32770d32770